AK’s General Knowledge A-Z #46 - Statistics

General Stats
  • This quiz has been taken 466 times
  • The average score is 16 of 26
Answer Stats
Hint Answer % Correct
F – country whose sixth-largest city is Nantes France
92%
A – Christina who sang "Genie in a Bottle" and “Hurt” Aguilera
87%
H – common to Monopoly, Transylvania and Ritz Hotel
87%
Z – to adjust a camera to make a person or thing being photographed appear larger or smaller Zoom
87%
S – is “Halt!” in German, or red in traffic lights Stop
85%
K – to maintain possession of, or the main tower of a castle or fortress Keep
83%
J – noun that appears in the titles of two Star Wars movies Jedi
82%
D – to abandon, or a barren area of land Desert
77%
E – cipher device used by Nazi Germany during World War II, until Alan Turing cracked the code Enigma
73%
Q – Angela Merkel has a doctorate in _______ chemistry Quantum
72%
G – a large mythical human like Kalevipoeg, or James Dean’s last film Giant
68%
O – U.S. state that changed its capital in 1910 (because the previous capital Guthrie was so small) Oklahoma
68%
U – to remove someone from your social media connections Unfriend
63%
Y – winter festival celebrated by the Germanic peoples Yule
62%
C – country you’re in when your intercontinental trip north is cut short by Darién Gap Colombia
58%
W – Sara Gruen's novel with Spanish title Agua para elefantes Water for Elephants
56%
L – “That’s me in the corner; That’s me in the spot-light, ______ __ ________” Losing My Religion
55%
I – spitz-type dog breed _________ Sheepdog; its native name is Íslenskur fjárhundur Icelandic
54%
B – Australian Open 2022 champion Ashleigh, or first name of Ministry of Magic official Crouch Barty
50%
V – two space probes that landed on Mars in 1976, or a big, hairy dude like Ragnar Lothbrok Viking
48%
P – to go on stubbornly, or what memory does in Dali’s clock painting Persist
45%
T – V, ER, 24 and The 100 TV series
40%
M – the world’s most densely populated city Manila
37%
R – island in the Indian Ocean previously known as Île Bourbon; its capital is Saint-Denis Réunion
32%
N – first name of USSR gymnastics Olympic winner Andrianov or Russian author Gogol Nikolai
17%
X – Subaru model known as Crosstrek in North America XV
3%
No matching quizzes found
Score Distribution
Percent of People with Each Score
Percentile by Number Answered
Your Score History
You have not taken this quiz